000 01058nam a2200325Ia 4500
003 OSt
005 20220912144641.0
006 a|||||r|||| 00| 0
007 ta
008 220909b |||||||| |||| 00| 0 eng d
020 _a9781461432227 (hbk)
020 _aSL01599853
024 _a194928
037 _b2390, 07/12/2015, New India Book Agency
037 _cTextual
040 _aCSL
_beng
_cCSL
041 _aeng
082 _aD65,8(B),27, Q2 TD
100 _aAggarwal Charu C Ed.; Zhai ChengXiang Ed.
245 0 _aMining text data
260 _aNew York
_bSpringer
_c2012
300 _axi, 522p. ill.
500 _aReferences 496-518p.; Index 519-522p.
650 _a Text analytics in social media
650 _a Text mining in multimedia
650 _aTransfer learning for text mining
700 _aAggarwal Charu C Ed.; Zhai ChengXiang Ed.
942 _hD65,8(B),27, Q2 TD
_cTEXL
_2CC
999 _c14715
_d14715